Daños punitivos (Registro nro. 33350)

Detalles MARC
000 -LEADER
fixed length control field 00316 a2200109 4500
001 - CONTROL NUMBER
control field ART_41872
005 - DATE AND TIME OF LATEST TRANSACTION
control field 20260410162024.0
008 - FIXED-LENGTH DATA ELEMENTS--GENERAL INFORMATION
fixed length control field 260409a
100 1# - MAIN ENTRY--PERSONAL NAME
Personal name Irigoyen Testa, Matías
245 10 - TITLE STATEMENT
Title Daños punitivos
773 0# - HOST ITEM ENTRY
Title Jurisprudencia Argentina
Related parts Derecho y economía (mayo 2006)
Record control number REV41622

No hay ítems disponibles.